La Entrevista telefónica /

সংরক্ষণ করুন:
গ্রন্থ-পঞ্জীর বিবরন
প্রধান লেখক: Castañeda Abanto, Doris Teresa
অন্যান্য লেখক: Jiménez, Leobardo, Valqui, Camilo, Rubiños, Enrique, Castellanos, José Alfredo, Quispe, Aníbal, García, Adolfo Excebio
বিন্যাস: পাঠ‍্য
বিষয়গুলি:
ট্যাগগুলো: ট্যাগ যুক্ত করুন
কোনো ট্যাগ নেই, প্রথমজন হিসাবে ট্যাগ করুন!

MARC

LEADER 00000 a a2200000 04500
001 7761
003
040
100 |a Castañeda Abanto, Doris Teresa  
245 |a La Entrevista telefónica /  |c Doris Teresa Castañeda Abanto ; Leobardo Jiménez ; Camilo Valqui ; et al. 
500 |a Incluye guía de entrevista  
650 |a ENTREVISTAS  
650 |a TELEFONO  
650 |a INVESTIGACION  
650 |a EPIDEMIOLOGIA  
650 |a MEXICO  
700 |a Jiménez, Leobardo  
700 |a Valqui, Camilo  
700 |a Rubiños, Enrique  
700 |a Castellanos, José Alfredo  
700 |a Quispe, Aníbal  
700 |a García, Adolfo Excebio  
773 |g volumen 13, número 26; páginas 137-162  
999 |c 39606  |d 39606